Los comentarios de cayo julio cesar : tomo 2 /
Guardado en:
| Autor Principal: | |
|---|---|
| Formato: | Libro |
| Publicado: |
Madrid :
Librería de Perlado, Páez y Cía.,
1910
|
| Materias: | |
| Etiquetas: |
Agregar Etiqueta
Sin Etiquetas, Sea el primero en etiquetar este registro!
|
| LEADER | 00645nam a22001935a 4500 | ||
|---|---|---|---|
| 001 | EHU.bham022011 | ||
| 003 | AR-BHAM | ||
| 005 | 20071212153142.0 | ||
| 008 | 130507s1910##################000#0#####d | ||
| 082 | 8 | 7 | |a 878 |
| 100 | 1 | |a Cesar, Cayo Julio | |
| 245 | 1 | 0 | |a Los comentarios de cayo julio cesar : |b tomo 2 / |c Cayo Julio Cesar |
| 260 | |a Madrid : |b Librería de Perlado, Páez y Cía., |c 1910 | ||
| 300 | |a 331 p. | ||
| 500 | |a Traducidos por el Dr. José Goya y Muniain.- | ||
| 653 | |a Literatura latina | ||
| 653 | |a Literatura latina-miscelanea | ||
| 653 | |a Miscelanea latina | ||
| 859 | |a AR-BHAM |b BIB. HUMANIDADES - General |h 878 |i C338-12 |p 215.98 |t Ej.1 |v II |3 II | ||
